| 000 | 00825nam a22002417a 4500 | ||
|---|---|---|---|
| 003 | DO-SdBNP | ||
| 005 | 20180315101945.0 | ||
| 008 | 171117b 1974 sp ||||| |||| 00| 0 spa d | ||
| 020 | _a8470805703 | ||
| 040 |
_aBPMSU _bspa _cBPMSU |
||
| 092 |
_axxxx _bxxxx |
||
| 100 | 1 |
_aVerne, Julio, _d1828-1905. |
|
| 245 | 1 | 0 |
_aDe Glasgow a Charleston / _cJulio Verne ; traducción de J. Ohadors ; edición de José María Carandell. |
| 260 |
_aBarcelona : _bLa Gaya Ciencia, _c1974. |
||
| 300 |
_a119 p. : _bil. ; _c18 cm. |
||
| 490 | 1 |
_aMoby Dick. Biblioteca de Bolsillo Junior _v70 |
|
| 700 | 1 | 2 |
_aOhadors, J. _etr. |
| 700 | 1 | 2 |
_aCarandell, José María, _eed. |
| 830 | 0 |
_aMoby Dick : Biblioteca de Bolsillo Junior _v70 |
|
| 942 |
_2ddc _cBK |
||
| 945 | _aInventariado, 2018 / BT | ||
| 956 |
_aBPMSU _b10 _c20171117 _h0041 _iBPMSU |
||
| 999 |
_c12943 _d12943 |
||